| 000 | 00503cam a2200157u 4500 | ||
|---|---|---|---|
| 082 |
_a621.3192 _bARM _cL-10, P-24 |
||
| 100 | 1 |
_aArmington, Ralph Elmer. [from old catalog] _941427 |
|
| 245 | 0 | 3 | _aAn introduction to electric circuit analysis |
| 260 |
_aEnglewood Cliffs, N.J., _bPrentice-Hall, _c1961. |
||
| 300 |
_a244 p. _billus. _c24 cm. |
||
| 526 |
_a0 _b0 _c0 _d621_319200000000000_ARM |
||
| 650 | 0 |
_aElectric circuits. _910997 |
|
| 650 | 0 |
_aMCE _9379 |
|
| 700 | 1 |
_aVolz, Carl, _941428 |
|
| 942 |
_2ddc _cBK |
||
| 999 |
_c545534 _d545534 |
||